| 000 | 00716nam a22001817a 4500 | ||
|---|---|---|---|
| 003 | OSt | ||
| 005 | 20120302143849.0 | ||
| 008 | 090113t xxu||||| |||| 00| 0 eng d | ||
| 035 | _a१५ | ||
| 040 | _cमराठी | ||
| 100 |
_a शिखरे , दमोदर नरहर _9109 |
||
| 245 | _aकादंबरीकार पुस्तक २ रें | ||
| 250 | _a१९५२ १ ली | ||
| 260 |
_aपुणे _b दि टिचर्स आयडियल पब्लिशिंग हाऊस लि. |
||
| 300 | _b११२ पाने | ||
| 440 |
_a` मराठीचे पंचप्राण् ' साहित्यमाला _9110 |
||
| 942 |
_2ddc _cBOOK |
||
| 999 |
_c485987 _d485984 |
||